Mechanika vozoviek : navrhovanie vozoviek a spevnených plôch
Na minha lista:
| Formato: | Livro |
|---|---|
| Idioma: | eslovaco |
| Publicado em: |
Žilina :
Žilinská univerzita,
2006
|
| Edição: | 2.preprac.vyd. |
| Tags: |
Sem tags, seja o primeiro a adicionar uma tag!
|
MARC
| LEADER | 00000nam a22000003a 4500 | ||
|---|---|---|---|
| 001 | stu261855 | ||
| 005 | 20150408161054.6 | ||
| 008 | 130130s--------xo------------------slo-d | ||
| 020 | |a 80-8070-571-2 | ||
| 040 | |a STU |b slo | ||
| 041 | 0 | |a slo | |
| 044 | |a xo | ||
| 245 | |a Mechanika vozoviek : |b navrhovanie vozoviek a spevnených plôch | ||
| 250 | |a 2.preprac.vyd. | ||
| 260 | |a Žilina : |b Žilinská univerzita, |c 2006 | ||
| 300 | |a 363 s | ||
| 500 | |a recenzované | ||
| 996 | |c V*51732/O-23146 |l VV2 |s P |a 0 |w stu261855_0001 | ||
| 996 | |c V*52019/O-23257 |l VV2 |s P |a 0 |w stu261855_0002 | ||